| 000 | 00956cam a2200205 i 4500 | ||
|---|---|---|---|
| 005 | 20251108165349.0 | ||
| 008 | 250721s1983 sy gr 000 0 ara d | ||
| 082 | 1 | 4 |
_a213 _bب غ و |
| 100 | 1 |
_aالبغوي، أبو محمد الحسين بن مسعود بن محمد _d[ 436 - 516] هـ _eمؤلف |
|
| 245 | 1 | 0 |
_aشرح السنة / _c تأليف الامام المحدث الفقيه أبو محمد الحسين بن مسعود بن محمد البغوي ؛ حققه و علق عليه و خرج أحاديثه شعيب الارناؤوط، محمد زهير الشاويش. |
| 250 | _aالطبعة الثانية. | ||
| 264 | 1 |
_aدمشق : _bالمكتب الإسلامي، _c1983. |
|
| 300 | _a16 جزء. | ||
| 650 | 1 | 7 | _aالحديث الشريف. |
| 650 | 1 | 7 | _aالإسلام. |
| 700 | 1 |
_aالأرناؤوط، شعيب _eمحقق. |
|
| 700 | 1 |
_aالشاويش، محمد زهير _dمحقق. |
|
| 942 |
_2ddc _cREF |
||
| 999 |
_c26092 _d26092 |
||